Bienvenue à la Médiathèque de Saint-Andiol
banniere
Accueil Recherche avancée Mon compte
handi1 Rechercher dans le catalogue

Filtre   Mots-clés
  Recherche avancée
 
Lister les dernières nouveautés
 
Lister les livres GROS CARACTERES
 
Lister les périodiques (magazines)

handi1 Cuisine Actuelle [ 407 ]

Book Cover
Titre : Cuisine Actuelle [ 407 ]
Support : Livres
Langue : Francais
Publié : 2023 Prisma Paris
Genre : Revues et magazines
Collection : Cuisine Actuelle
Sujets :
Étiquettes :
Pas de tags
LEADER 00833nas0a2200253 450
001 16863947
011 |b Br.  |d 2,9 € 
100 |a 20241108d2023 u u0frey01 ba 
101 1 |a fre  |c fre 
102 |a FR 
110 0 |a afu 0uu0 
200 0 |a Cuisine Actuelle [ 407 ]  |f Gillet Anne 
207 1 |a  407 
210 |a Paris  |c Prisma  |d 2023 
215 |a 1 vol. (86 p.)  |c ill. coul.  |d 28x21 cm 
225 1 |a Cuisine Actuelle 
464 |a Menu fraîcheur, la clémentine de l'entrée au dessert 
464 |a Passion apéro, autour du foie gras 
464 |a On réinvente la tradition, la magie de Noël 
464 |a Dossier réveillon, spécial plats cultes 
676 |a 070.17 
900 |a Revues et magazines 
901 |a Adultes 
995 |a Médiathèque  |c Médiathèque  |f 089020624  |h 089020624  |k 070.17 CUI 407  |o p  |q a  |r az  |e Médiathèque